1610 1192 1798 1616 1359 1815 1624 1950 1336 1481 1826 1074 1816 1131 1809 1691 1914 1312 1334 1691 1997 1970 1688 1801 1425 1915 1673 1953 1431 1757 1795 1659 1331 1420 1900 1357 1618 1516 1245 1330 1600 1921 1234 1761 1957 1906 1965 1460 1537 1961 1993 1333 1644 1916 1166 1559 1490 1038 1352 1389 1317 1060 1860 1578 1402 1833 1856 1004 1014 1389 1166 1948 1428 1381 1786 1089 1065 1385 1671 1321 1501 1467 1320 1857 1392 1515 1194 1215 1448 1402 1366 1337 1641 1356 1685 1384 1832 1544 1323 BCNSPRNW ULIB Ver.6.0+V

เปลี่ยนเป็นภาษาไทย

Change to English
 แสดงรายละเอียดบรรณานุกรม
  กลับหน้าหลัก

Brief Record : Get Marc (ISO 2709) : E-mail record : QR code < ปิดหน้าต่าง
LEADER : 00000nam 2200000uu 4500
001    13399109046
003     ULIB
008    110321s2552||||th 000 0 tha d
020    9748266442
024    9789748266442
050  4 BQ4190^bค167ห 2552
100 0  ครูไวทย์ สันตยารมณ์
245 10 หนังสือวรรณกรรมจากชีวิตจริงเพื่อเยาวชนและคนทั่วไป:^bเรื่อง มรดกของพ่อ /^cครูไวทย์ สันตยารมณ์
246 30 มรดกจากพ่อ
260    กรุงเทพฯ :^bบ้านครูไวทย์,^c2552
300    133 หน้า ;^c22 ซม.
650  7 ธรรมะ
650  7 วรรณกรรมสำหรับเด็ก
650  7 ธรรมเทศนา^vรวมเรื่อง
945    ^p100^l0^i029807
945    ^p100^l0^i029806
945    ^p100^l0^i029808
995    เกษร
999    ^aใช้งานได้ทุกระบบ
รายการนี้ยังไม่มีแท็ก
คุณยังไม่ได้ล็อกอิน คุณสามารถมีกิจกรรมร่วมกับเว็บไซต์ได้ แต่ต้องล็อกอินก่อน ::
  ล็อกอิน

รายการสื่อสารสนเทศ

ลำดับที่ ประเภท เลขเรียก/บาร์โค้ด สถานที่ สถานะ
- ไม่พบข้อมูล -

รายการใกล้เคียง
    ผู้แต่ง [ครูไวทย์ สันตยารมณ์]

    หัวเรื่อง [ธรรมะ]
    หัวเรื่อง [วรรณกรรมสำหรับเด็ก]

BibComment


ยังไม่เคยถูกคอมเมนท์

คอมเมนท์ทรัพยากรรายการนี้
  คอมเมนท์: หนังสือวรรณกรรมจา..


 Copyright 2026. Bcnsprnw @Library